000 00337pab a2200145 454500
008 180718b1985 xxu||||| |||| 00| 0 eng d
100 _aBhattacharya, A.C.
245 _aManagement control - theory and operation
260 _c1985
300 _a3-7
362 _aJuly
650 _aManagement
773 _aLok Udyog
909 _a12967
999 _c12967
_d12967